<?xml version="1.0" encoding="UTF-8"?>
<record
    xmlns:xsi="http://www.w3.org/2001/XMLSchema-instance"
    xsi:schemaLocation="http://www.loc.gov/MARC21/slim http://www.loc.gov/standards/marcxml/schema/MARC21slim.xsd"
    xmlns="http://www.loc.gov/MARC21/slim">

  <leader>05723njm a2200721Ia 4500</leader>
  <controlfield tag="001">D2690</controlfield>
  <controlfield tag="003">IT-RoPAU</controlfield>
  <controlfield tag="005">20220918181115.0</controlfield>
  <controlfield tag="008">131025s9999    xx            000 0 und d</controlfield>
  <datafield tag="040" ind1=" " ind2=" ">
    <subfield code="a">IT-RoPAU</subfield>
  </datafield>
  <datafield tag="040" ind1=" " ind2=" ">
    <subfield code="c">IT-RoPAU</subfield>
  </datafield>
  <datafield tag="999" ind1=" " ind2=" ">
    <subfield code="c">99319</subfield>
    <subfield code="d">99319</subfield>
  </datafield>
  <datafield tag="999" ind1=" " ind2=" ">
    <subfield code="b">n.d.</subfield>
  </datafield>
  <datafield tag="100" ind1=" " ind2=" ">
    <subfield code="a">AA.VV.</subfield>
    <subfield code="9">794</subfield>
  </datafield>
  <datafield tag="100" ind1=" " ind2=" ">
    <subfield code="e">Autore musica</subfield>
    <subfield code="9">30756</subfield>
  </datafield>
  <datafield tag="100" ind1=" " ind2=" ">
    <subfield code="g">Codice autore musica SPICS: 12000</subfield>
    <subfield code="9">796</subfield>
  </datafield>
  <datafield tag="245" ind1=" " ind2=" ">
    <subfield code="a">Fisarmonica nel jazz (La)</subfield>
  </datafield>
  <datafield tag="250" ind1=" " ind2=" ">
    <subfield code="a">2a ed.</subfield>
  </datafield>
  <datafield tag="260" ind1=" " ind2=" ">
    <subfield code="a">MILANO</subfield>
  </datafield>
  <datafield tag="260" ind1=" " ind2=" ">
    <subfield code="b">RUSCONI</subfield>
    <subfield code="c">1995 [1a Ed.:]</subfield>
  </datafield>
  <datafield tag="300" ind1=" " ind2=" ">
    <subfield code="a">COMPACT DISC</subfield>
  </datafield>
  <datafield tag="300" ind1=" " ind2=" ">
    <subfield code="c">69 minuti (Testo:  pag.)</subfield>
  </datafield>
  <datafield tag="500" ind1=" " ind2=" ">
    <subfield code="a">Musica jazz. Cd fuori commercio allegato al n. 6 1995 della rivista "Musica jazz"</subfield>
  </datafield>
  <datafield tag="505" ind1=" " ind2=" ">
    <subfield code="a">Accordion Joe (New York, 22 aprile 1930) (3:00)] - Strange Harmony [(Parigi, 5 dicembre 1935) (Richardet Louis) (3:00)] - Matelotte (Parigi, 17 dicembre 1940) (Viseur Gus) (4:00)] - Milk Bar [(Parigi, 30 maggio 1942) (Murena Tony) (3:00)] - China Boy [(Milano, 3 aprile 1939) (Kramer Gorni) (3:00)] - Carovana negra [(Londra 1948) (Kramer Gorni) (3:00)] - Good To the Last Bop [(New York, 17 febbraio 1949) (Shearing George Quintet) (3:00)] - Lover Come Back To Me [(1952) (Van Damme Art) (3:00)] - Bernie's Tune [(New York, 2 febbraio 1954) (Mathews Mat) (3:00)] - Le charmeur de serpents [(Parigi, 18 settembre 1941) (Carrara Emile) (4:00)] - Tenderly [(Hollywood, estate 1955) (Frontiere Dom) (3:00)] - How Low the Earth [(New York, 5 dicembre 1953) (Dijay Lanny) (4:00)] - Dig, inedito [(Sassari, 8 maggio 1993) (7:00)] - Lina's Blues [(Sassari, 8 maggio 1993) (9:00)] - Tango pour Claude [(Antica pieve della Mitria, 28 maggio 1994) (Galliano Richard) (5:00)] - Bergamo per quattro (Bergamo, 3 marzo 1995) (Coscia Gianni) (8:00)] - Paparazzi [(Tortona, sala giovani, febbraio 1995) (Salis Antonello) (8:00)]</subfield>
  </datafield>
  <datafield tag="511" ind1=" " ind2=" ">
    <subfield code="a">William Cootie: tr; Whetsel Arthur: tr; Jenkins Freddy: tr; Nanton Joe: trne; Tizol Juan: trne; Hodges Johnny: alto; Bigard Barney: ten; Carney Harry: alto, bar; Smelser Joe: fisa; Ellington Duke: p; Guy Fred: banjo; Braud Wellman: cb; Greer Sonny: batt; Robertson Dick: voc; Duke Ellington and His Orchestra</subfield>
  </datafield>
  <datafield tag="511" ind1=" " ind2=" ">
    <subfield code="a">Warlop Michel: vl; Richardet Louis: fisa; Ferret Etienne: chit; Ferret Jean: chit; Storne Jean: cb; Michel Warlop et son Orchestre</subfield>
  </datafield>
  <datafield tag="511" ind1=" " ind2=" ">
    <subfield code="a">Luis Andr&#xE9;: cl; Viseur Gus: fisa; Ferret Etienne: chit; Ferret Jean: chit; Speilleux Maurice: cb</subfield>
  </datafield>
  <datafield tag="511" ind1=" " ind2=" ">
    <subfield code="a">Murena Tony: fisa; Ferret Pierre: chit; Ferret Etienne: chit; Sconosciuto: cb</subfield>
  </datafield>
  <datafield tag="511" ind1=" " ind2=" ">
    <subfield code="a">Rossi Aldo: cl, alto; Mkramer Gorni: fisa; Ceragioli Enzo: p; Di Ceglie Cosimo: chit; Ruggeri Giuseppe: batt</subfield>
  </datafield>
  <datafield tag="511" ind1=" " ind2=" ">
    <subfield code="a">Kramer Gorni: fisa; Beltrami Wolmer: fisa; Mitchell Malcolm: chit; Nussbaum Joe: cb; Parnell Jack: batt</subfield>
  </datafield>
  <datafield tag="511" ind1=" " ind2=" ">
    <subfield code="a">Shearing George: fisa; Hyams Marjorie: p, vib; Wayne Chuck: chit; Levy John: cb; Best Denzil: batt</subfield>
  </datafield>
  <datafield tag="511" ind1=" " ind2=" ">
    <subfield code="a">Van Damme Art: fisa; Calzaretta Charlie: vib; Roberts Red: chit; Scheiner Claude: chit; Skalinger Lew: cb; Mariash Max: batt</subfield>
  </datafield>
  <datafield tag="511" ind1=" " ind2=" ">
    <subfield code="a">Mann Herbie: fl; Mathews Mat: fisa; Weeks Bennie: chit; Heath Percy: cb; Clarke Kenny: batt</subfield>
  </datafield>
  <datafield tag="511" ind1=" " ind2=" ">
    <subfield code="a">Carrara Emile: fisa; Louis Charles: p; Beck Sigismond: cb; Jourden Andr&#xE9;: batt</subfield>
  </datafield>
  <datafield tag="511" ind1=" " ind2=" ">
    <subfield code="a">Dom Frontiere: fisarmonica</subfield>
  </datafield>
  <datafield tag="511" ind1=" " ind2=" ">
    <subfield code="a">Macero Teo: ten; Dijay Lanny: fisa; Mingus Charles: cello, cb; Labella Louis: cb; Shaughnessy Ed: batt</subfield>
  </datafield>
  <datafield tag="511" ind1=" " ind2=" ">
    <subfield code="a">Azzola Marcel, Rossi Joe, Coscia Gianni, Salis Antonello: fisa</subfield>
  </datafield>
  <datafield tag="511" ind1=" " ind2=" ">
    <subfield code="a">Galliano Richard: fisa</subfield>
  </datafield>
  <datafield tag="511" ind1=" " ind2=" ">
    <subfield code="a">Gianni Coscia: fisarmonica</subfield>
  </datafield>
  <datafield tag="511" ind1=" " ind2=" ">
    <subfield code="a">Fresu Paolo: tr; flic; Salis Antonello: fisa; Di Castri Furio: cb</subfield>
  </datafield>
  <datafield tag="650" ind1=" " ind2=" ">
    <subfield code="a">JAZZ [COMPACT DISC]</subfield>
    <subfield code="e">Codice MATERIA SPICS: 9949</subfield>
    <subfield code="9">11822</subfield>
  </datafield>
  <datafield tag="700" ind1=" " ind2=" ">
    <subfield code="a">Cornell</subfield>
    <subfield code="d">Codice autore musica SPICS: 44076</subfield>
    <subfield code="e">Autore musica</subfield>
    <subfield code="p">Accordion Joe</subfield>
    <subfield code="9">30757</subfield>
  </datafield>
  <datafield tag="700" ind1=" " ind2=" ">
    <subfield code="a">Wimbrow</subfield>
    <subfield code="d">Codice autore SPICS: 44077</subfield>
    <subfield code="e">Autore</subfield>
    <subfield code="p">Accordion Joe</subfield>
    <subfield code="9">30758</subfield>
  </datafield>
  <datafield tag="700" ind1=" " ind2=" ">
    <subfield code="a">Warlop Michel</subfield>
    <subfield code="d">Codice autore musica SPICS: 44078</subfield>
    <subfield code="e">Autore musica</subfield>
    <subfield code="p">Strange Harmony</subfield>
    <subfield code="9">30759</subfield>
  </datafield>
  <datafield tag="700" ind1=" " ind2=" ">
    <subfield code="a">Viseur Gus</subfield>
    <subfield code="d">Codice autore musica SPICS: 44079</subfield>
    <subfield code="e">Autore musica</subfield>
    <subfield code="p">Matelotte</subfield>
    <subfield code="9">30760</subfield>
  </datafield>
  <datafield tag="700" ind1=" " ind2=" ">
    <subfield code="a">Murena Tony</subfield>
    <subfield code="d">Codice autore musica SPICS: 44080</subfield>
    <subfield code="e">Autore musica</subfield>
    <subfield code="p">Milk Bar</subfield>
    <subfield code="9">30761</subfield>
  </datafield>
  <datafield tag="700" ind1=" " ind2=" ">
    <subfield code="a">Boutelja</subfield>
    <subfield code="d">Codice autore musica SPICS: 44083</subfield>
    <subfield code="e">Autore musica</subfield>
    <subfield code="p">China Boy</subfield>
    <subfield code="9">30762</subfield>
  </datafield>
  <datafield tag="700" ind1=" " ind2=" ">
    <subfield code="a">Wilfree</subfield>
    <subfield code="d">Codice autore SPICS: 44084</subfield>
    <subfield code="e">Autore</subfield>
    <subfield code="p">China Boy</subfield>
    <subfield code="9">30763</subfield>
  </datafield>
  <datafield tag="700" ind1=" " ind2=" ">
    <subfield code="a">Kramer Gorni</subfield>
    <subfield code="d">Codice autore musica SPICS: 11552</subfield>
    <subfield code="e">Autore musica</subfield>
    <subfield code="p">Carovana negra</subfield>
    <subfield code="9">30764</subfield>
  </datafield>
  <datafield tag="700" ind1=" " ind2=" ">
    <subfield code="a">Shearing George Quintet</subfield>
    <subfield code="d">Codice autore musica SPICS: 16164</subfield>
    <subfield code="e">Autore musica</subfield>
    <subfield code="p">Good To the Last Bop</subfield>
    <subfield code="9">30765</subfield>
  </datafield>
  <datafield tag="700" ind1=" " ind2=" ">
    <subfield code="a">Romberg</subfield>
    <subfield code="d">Codice autore musica SPICS: 20464</subfield>
    <subfield code="e">Autore musica</subfield>
    <subfield code="p">Lover Come Back To Me</subfield>
    <subfield code="9">30766</subfield>
  </datafield>
  <datafield tag="700" ind1=" " ind2=" ">
    <subfield code="a">Hammerstein Oscar</subfield>
    <subfield code="d">Codice autore SPICS: 15701</subfield>
    <subfield code="e">Autore</subfield>
    <subfield code="p">Lover Come Back To Me</subfield>
    <subfield code="9">30767</subfield>
  </datafield>
  <datafield tag="700" ind1=" " ind2=" ">
    <subfield code="a">Miller B.</subfield>
    <subfield code="d">Codice autore musica SPICS: 44087</subfield>
    <subfield code="e">Autore musica</subfield>
    <subfield code="p">Bernie's Tune</subfield>
    <subfield code="9">30768</subfield>
  </datafield>
  <datafield tag="700" ind1=" " ind2=" ">
    <subfield code="a">Powell T.</subfield>
    <subfield code="d">Codice autore musica SPICS: 44081</subfield>
    <subfield code="e">Autore musica</subfield>
    <subfield code="p">Le charmeur de serpents</subfield>
    <subfield code="9">30769</subfield>
  </datafield>
  <datafield tag="700" ind1=" " ind2=" ">
    <subfield code="a">Gross</subfield>
    <subfield code="d">Codice autore musica SPICS: 20511</subfield>
    <subfield code="e">Autore musica</subfield>
    <subfield code="p">Tenderly</subfield>
    <subfield code="9">30770</subfield>
  </datafield>
  <datafield tag="700" ind1=" " ind2=" ">
    <subfield code="a">Lawrence</subfield>
    <subfield code="d">Codice autore SPICS: 20267</subfield>
    <subfield code="e">Autore</subfield>
    <subfield code="p">Tenderly</subfield>
    <subfield code="9">30771</subfield>
  </datafield>
  <datafield tag="700" ind1=" " ind2=" ">
    <subfield code="a">Macero Teo</subfield>
    <subfield code="d">Codice autore musica SPICS: 44090</subfield>
    <subfield code="e">Autore musica</subfield>
    <subfield code="p">How Low the Earth</subfield>
    <subfield code="9">30772</subfield>
  </datafield>
  <datafield tag="700" ind1=" " ind2=" ">
    <subfield code="a">Davis Miles</subfield>
    <subfield code="d">Codice autore musica SPICS: 10734</subfield>
    <subfield code="e">Autore musica</subfield>
    <subfield code="p">Dig</subfield>
    <subfield code="9">30773</subfield>
  </datafield>
  <datafield tag="700" ind1=" " ind2=" ">
    <subfield code="a">Azzola Marcel</subfield>
    <subfield code="d">Codice autore musica SPICS: 44092</subfield>
    <subfield code="e">Autore musica</subfield>
    <subfield code="p">Lina's Blues</subfield>
    <subfield code="9">30774</subfield>
  </datafield>
  <datafield tag="700" ind1=" " ind2=" ">
    <subfield code="a">Galliano Richard</subfield>
    <subfield code="d">Codice autore musica SPICS: 44093</subfield>
    <subfield code="e">Autore musica</subfield>
    <subfield code="p">Tango pour Claude</subfield>
    <subfield code="9">30775</subfield>
  </datafield>
  <datafield tag="700" ind1=" " ind2=" ">
    <subfield code="a">Coscia Gianni</subfield>
    <subfield code="d">Codice autore musica SPICS: 44094</subfield>
    <subfield code="e">Autore musica</subfield>
    <subfield code="p">Bergamo per quattro</subfield>
    <subfield code="9">30776</subfield>
  </datafield>
  <datafield tag="700" ind1=" " ind2=" ">
    <subfield code="a">Boomerang</subfield>
    <subfield code="d">Codice autore musica SPICS: 44095</subfield>
    <subfield code="e">Autore musica</subfield>
    <subfield code="p">Paparazzi</subfield>
    <subfield code="9">30777</subfield>
  </datafield>
  <datafield tag="942" ind1=" " ind2=" ">
    <subfield code="c">CD</subfield>
    <subfield code="2">ddc</subfield>
  </datafield>
  <datafield tag="952" ind1=" " ind2=" ">
    <subfield code="0">0</subfield>
    <subfield code="1">0</subfield>
    <subfield code="4">0</subfield>
    <subfield code="6">D_2690_000000000000000</subfield>
    <subfield code="7">1</subfield>
    <subfield code="a">SPICS</subfield>
    <subfield code="b">SPICS</subfield>
    <subfield code="d">2013-10-25</subfield>
    <subfield code="l">0</subfield>
    <subfield code="o">D2690</subfield>
    <subfield code="r">2013-10-25 00:00:00</subfield>
    <subfield code="w">2013-10-25</subfield>
    <subfield code="y">CD</subfield>
    <subfield code="z">Progr. Ins.: 1865 / N.Vol.: 1 / Copie: 1 - Copia rara: n.d. / date import: 01.01.2014 - By Epidotti, Trombetti, Vaglietti</subfield>
  </datafield>
</record>
